000
00287nam a22001217a 4500
008
160512b xxu||||| |||| 00| 0 eng d
020
_a
9781616690106
020
_a
9781616690106
041
_a
eng
080
_a
616.12
245
_a
Advanced cardiovascular life support:
942
_2
udc
_c
BK
999
_c
2116
_d
2116